000 00503nam a2200205Ia 4500
003 OSt
005 20220918173640.0
006 a|||||r|||| 00| 0
007 ta
008 220917b |||||||| |||| 00| 0 eng d
024 _a7,494
037 _cTextual
040 _aARTS
_cARTS
_beng
041 _2eng
_aeng
082 _a373:N03, H4-1-.30 (SL)
245 0 _aEncyclopedia Americana
260 _c1942
942 _h373:N03, H4-1-.30 (SL)
_cTEXL
_2CC
999 _c149367
_d149367